| 000 | 00928cam a2200277 i 4500 | ||
|---|---|---|---|
| 001 | 4629892 | ||
| 005 | 20160721110457.0 | ||
| 008 | 780721s1978 nyua b 001 0 eng | ||
| 010 | _a 78055062 | ||
| 020 | _a0814721540 : | ||
| 040 |
_aDLC _cDLC _dDLC |
||
| 050 | 0 | 0 |
_aTD170 _b.E37 |
| 060 | _aWA30 E36e | ||
| 082 | 0 | 0 |
_a363.6 _bEIS |
| 100 | 1 |
_aEisenbud, Merril. _96714 |
|
| 245 | 1 | 0 |
_aEnvironment, Technology, and Health : _bHuman Ecology in Historical Perspective / _cMerril Eisenbud. |
| 260 |
_aNew York : _bNew York University Press, _cc1978. |
||
| 300 |
_ax, 384 p. : _bill. ; _c24 cm. |
||
| 504 | _aIncludes bibliographical references and indexes. | ||
| 650 | 0 |
_aEnvironmental health. _96716 |
|
| 650 | 2 |
_aEnvironmental health _zUnited States. _96717 |
|
| 650 | 2 |
_aPublic policy _zUnited States. _96718 |
|
| 650 | 2 |
_aTechnology _zUnited States. _96719 |
|
| 650 | 0 |
_96715 _aEnvironmental protection |
|
| 942 |
_2ddc _cBB |
||
| 999 |
_c11967 _d11967 |
||